[Event "Treppenturnier 2023"]
[Site "Turnierstufe"]
[Date "2024.11.12"]
[Round "49-4"]
[White "Vancouver 68000"]
[Black "Risc 2500 aktiv 2MB"]
[Result "1/2-1/2"]
[WhiteElo "2209"]
[BlackElo "2306"]
[PlyCount "232"]

1.e4 c6 2.Nf3 d5 3.Nc3 Bg4 4.h3 Bxf3 {Buchende.} 5.Qxf3 {Buchende.} 5...d4 $6 
{Zu übermütig.} 6.Bc4 e6 7.Ne2 Nd7 8.Nxd4 Ngf6 9.Ne2 Qa5 10.Nc3 {Und Weiß hat
einen gesunden Mehrbauern.} 10...Ne5 11.Qe2 Bb4 12.Bb3 O-O 13.O-O Ng6 14.a3 
Rfd8 15.Rb1 ( {Aktivere Compis hätten wohl} 15.f4 {gespielt.} ) 15...Bc5 
16.Bxe6 {Taktische Fähigkeiten sind nun gefragt.} 16...fxe6 17.b4 Bxb4 ( 
17...Bxf2+ 18.Rxf2 Qe5 {... ist eine gleichwertige Alternative.} ) 18.Rxb4 Qc7 
19.Qc4 Qd7 20.d3 b5 21.Qc5 a5 22.Rb1 e5 23.Be3 Qf7 24.Ne2 Qe6 25.f4 Nd7 26.Qc3 
Nxf4 ( 26...Qd6 27.fxe5 Ngxe5 28.Bf4 {...} ) 27.Nxf4 exf4 28.Rxf4 Re8 29.Bd4 
Qd6 30.Rf5 g6 31.Rf2 {(+2.27)} 31...a4 {(-162)} 32.Rbf1 c5 33.Be3 Qe6 34.Qb2 b4 
35.axb4 ( {Verpasst die (zu) tiefe Abwicklung:} 35.Bh6 $1 Ne5 36.Rf6 $1 Qe7 
37.axb4 cxb4 38.Qa2+ Kh8 39.d4 Nd7 40.Rf7 Qd6 41.Bg7+ Kg8 42.Rxd7+ {...} ) 
35...a3 36.Qc3 cxb4 37.Qxb4 a2 38.Qc3 Rec8 39.Qa1 Ra5 40.Bd4 Ra3 41.Qb2 Rca8 
42.Ra1 R3a6 {Es wird schwer für Mephisto, einen Gewinnweg zu finden.} 43.Qc3 
Ra4 44.Rff1 Re8 45.Kh1 {Er hat keinen Plan. Abtausch durch Mattdrohung.wäre eine
Option.} 45...Rea8 46.Bg7 Ra3 47.Qd4 R3a5 48.Bh6 Ne5 {Was sonst?} ( 48...Qe7 $2 
49.Qc4+ Kh8 50.Rf7 Ne5 51.Bg7+ Kg8 52.Rf8+ Kxg7 53.Qg8+ Kh6 54.Rxa8 {...} ) ( 
48...Re5 $2 49.Rxa2 Rxa2 50.Qxd7 Qf6 51.Rxf6 {...} ) 49.Qb4 Nf7 50.Be3 Ra4 
51.Qb7 Rd8 52.Qb2 Raa8 53.Bf4 ( {Besser:} 53.Rf6 $1 {und z.B.} 53...Qe7 ( 
53...Qe5 54.Rb6 Qxb2 55.Rxb2 Rac8 56.Raxa2 {...} ) 54.Rb6 Qa3 55.Bc1 Qxb2 
56.Rxb2 Rac8 57.Raxa2 {...} ) 53...Qa6 54.Bg3 {Mephisto kommt nicht voran.} 
54...Qa3 55.Qb7 Ra7 56.Qb6 Ra6 57.Qb5 Ra7 58.Be5 Nxe5 59.Qxe5 Qd6 60.Qc3 Re8 
{Rest in je 1 Stunde.} 61.Qb3+ Qe6 62.Qxe6+ Rxe6 63.c4 Rb6 64.e5 Rb2 65.Rfe1 
{Es wird wohl nur ein Remis für Weiß.} 65...Kf7 66.d4 Rab7 67.e6+ Kf6 68.d5 Rb1 
69.e7 Rxe1+ 70.Rxe1 Rxe7 71.Ra1 Ra7 72.Kg1 Ke5 73.Kf2 h5 74.Ke3 Ra3+ 75.Kd2 
{Oder verliert Mephisto noch?} 75...Rg3 76.Kc2 Rxg2+ 77.Kc3 Rh2 78.h4 Kd6 
79.Kb4 Rg2 80.Kb3 Rf2 $2 {Oder verliert Risc 2500 noch?} 81.Rxa2 Rxa2 82.Kxa2 
{Er verliert noch, oder?} 82...Ke5 83.Kb3 Kd6 84.Kc3 g5 85.hxg5 h4 86.g6 h3 
87.g7 h2 88.g8=Q h1=Q 89.Qd8+ Ke5 90.Qe7+ Kf5 91.Qe6+ Kg5 92.Kb4 Qb1+ 93.Kc5 
Qb7 94.Qe5+ Kg4 95.Qe4+ Kg5 96.Qe3+ Kg4 97.Qd4+ Kf5 98.Qf2+ Kg6 99.Qg3+ Kf7 
100.Qf4+ Kg6 101.Qg4+ Kf6 102.Qf3+ {Gähn... die langweilige Seite unserer
Oldies.} 102...Kg7 103.Qg2+ Kf6 104.Qf1+ Kg5 105.Qc1+ Kf5 106.Qc2+ Kf6 107.Qc3+ 
Kg6 108.Kd6 Qb6+ 109.Kd7 Qb7+ 110.Ke6 Qc8+ 111.Kd6 Qa6+ {Beide zeigen (0.00)
an.} 112.Ke7 Qb7+ 113.Ke8 Qc8+ 114.Ke7 Qb7+ 115.Kd8 Qb8+ 116.Ke7 Qb7+ {Remis
3x.} 1/2-1/2

[Event "Treppenturnier 2023"]
[Site "Turnierstufe"]
[Date "2024.11.15"]
[Round "50-1"]
[White "Risc 2500 aktiv 2MB"]
[Black "Magellan"]
[Result "0-1"]
[WhiteElo "2303"]
[BlackElo "2239"]
[PlyCount "160"]

1.e4 c6 2.d4 d5 3.Nc3 dxe4 4.Nxe4 Nf6 5.Nxf6+ exf6 {Buchende.} 6.c3 Bd6 7.Bd3 
O-O 8.Qc2 Re8+ 9.Ne2 h6 10.O-O Qc7 11.Ng3 {Buchende.} 11...c5 12.d5 Bg4 13.Qa4 
Bd7 {Schwarz kann nun seinen Springer schlecht entwickeln.} 14.Qh4 Bxg3 15.Qxg3 
Qxg3 16.fxg3 b5 17.c4 bxc4 18.Bxc4 Bg4 19.h3 Bc8 20.Bd2 Nd7 21.Rae1 Bb7 
22.Rxe8+ Rxe8 23.Re1 Kf8 24.d6 Rxe1+ 25.Bxe1 Ke8 26.Bb5 a6 27.Ba4 Bd5 28.b3 c4 
29.g4 cxb3 30.axb3 Kd8 $10 {Ausgeglichen. Weiß hat das Läuferpaar, aber einen
wacklicken Bauern auf d6 um den sich der Kampf dreht.} 31.Ba5+ Kc8 32.b4 Bc4 
33.Bxd7+ Kxd7 34.Bc7 {Jetzt ist die Luft raus - Remis, wenn keiner mehr heftig
daneben greift.} 34...Bd5 35.Kf2 Be4 36.g3 g5 37.Ke3 Bg2 38.h4 Bd5 39.Kf2 Ke6 
40.Ke2 Bc6 41.Ke3 Ba4 42.Kd4 gxh4 43.gxh4 Bd1 44.Kc5 Bxg4 45.Kd4 Kd7 46.Ke4 Kc6 
47.Ke3 Bc8 48.Kf4 Bd7 49.h5 f5 50.Ke5 f6+ {In dieser Leistungsklasse sollte das
Remis klar sein. Aber-man weiß ja nie.} 51.Kf4 Kd5 {Magellan zeigt (+1.4) BE für
sich an...} 52.Kf3 $6 {... Risc 2500 (+14)} ( 52.Bd8 {ist besser.} ) 52...Ke5 
53.Kg3 f4+ 54.Kf2 Ke6 {Es wird sehr kritisch für Weiß.} 55.Kf3 Kf5 {Magellan
spielt das einwandfrei und ist auf der Siegerstraße.} 56.Kf2 Kg4 {(-2.5)} 
57.Bd8 {(-38)} 57...f5 $6 {Fragwürdig. Hiarcs saust in tiefste Rechentiefen und
sagt: Nun ist es für Weiß wieder haltbar.} ( {Richtig ist einfach} 57...Kxh5 
58.Bxf6 Kg4 59.Kg2 h5 {...} ) 58.Bf6 Bc6 59.Be5 Kg5 60.Ke2 f3+ {Rest in je 1
Stunde.} 61.Kf1 Kxh5 62.Bf4 Kg6 63.Be3 h5 64.Kf2 h4 65.Bb6 $2 ( 65.Bf4 {.} ) 
65...f4 $1 ( {Oder} 65...Kg5 $1 ) 66.Kg1 {(-136)} 66...h3 {(-2.9)} 67.Kh2 Bd7 ( 
67...Bd7 {Hiarcs sagt bereits Matt in 15!:} 68.Bc5 Kf6 69.Kh1 Kf5 70.Bf2 Ke4 
71.Bc5 Kd3 72.Kh2 Ke2 73.Kg1 h2+ 74.Kh1 f2 75.Bxf2 Kxf2 76.Kxh2 f3 77.b5 axb5 
78.Kh1 Kg3 79.Kg1 Bh3 80.d7 f2+ 81.Kh1 f1=Q# ) 68.Bc5 Kf6 69.Kh1 Ke5 70.Kg1 Kd5 
71.Bb6 Kxd6 72.Ba7 Kd5 73.Bb8 Ke4 74.Ba7 Kd3 75.Bb6 Ke2 {Risc sieht das Matt in
9 und gibt auf.} 76.Bc5 Bb5 {Magellan sieht's noch nicht.} 77.Bd4 f2+ 78.Bxf2 
h2+ 79.Kxh2 Kxf2 80.Kh3 Ke3 {und Schluss.} 0-1

[Event "Treppenturnier 2023"]
[Site "Turnierstufe"]
[Date "2024.11.21"]
[Round "50-2"]
[White "Magellan"]
[Black "Risc 2500 aktiv 2MB"]
[Result "0-1"]
[WhiteElo "2251"]
[BlackElo "2291"]
[PlyCount "140"]

1.c4 e5 2.Nc3 Nf6 3.Nf3 Nc6 4.g3 Bb4 5.Bg2 O-O 6.O-O e4 7.Ng5 Bxc3 8.bxc3 Re8 
9.d3 {Buchende.} 9...exd3 10.exd3 d6 11.Rb1 h6 {Buchende.} 12.Nf3 d5 13.cxd5 
Nxd5 14.Qc2 Qf6 15.Bb2 Qd6 16.Nd2 Bf5 $10 17.Ne4 Bxe4 18.Bxe4 Rad8 19.Ba1 b6 
20.Rfe1 Nf6 21.Bg2 Qc5 22.Qa4 Na5 23.d4 {Der weiße Läufer ist hübsch
eingemauert.} 23...Qc4 24.Qxc4 Nxc4 25.Bc6 Rxe1+ 26.Rxe1 Kf8 $10 {Alles im Lot.
Der starke schwarze Springer gleicht das weiße Läuferpaar aus.} 27.h3 a6 28.f4 
b5 29.Kf2 Nd5 30.Bb7 Na5 31.Bxa6 $6 {Fragwürdig und eigenartig. Warum schlägt er
nicht einfach den Springer? Die Morsch-Programme sind jedoch bekannt dafür, dass
sie gerne mal eine Figur für 2-3 Bauern geben. Oft gehen diese Manöver aber
nicht gut aus.} 31...c6 {(+105)} 32.Rb1 {(+0.1)} 32...Nc7 33.a4 Rb8 34.Bxb5 
{(0.0)!?} 34...cxb5 {(+153)} 35.axb5 Rxb5 36.Rxb5 Nxb5 37.Ke3 Nc4+ 38.Ke4 Nbd6+ 
39.Kf3 Nd2+ 40.Ke2 Nb3 41.Bb2 Nc4 42.Ba1 {(-1.7)!? Er könnte auch aufgeben ...} 
42...Nxa1 {(+530)} 43.Kd3 Nb2+ 44.Ke2 Nc2 45.Kd2 Na3 46.Kc1 Na4 47.Kd2 Nb1+ 
48.Ke1 Naxc3 49.g4 Nb5 50.Kf2 {(-4.2)} 50...N1a3 {(+804)} 51.d5 Ke7 52.Kf3 
{(-2.8)?} 52...Kd6 53.g5 Kxd5 54.Kg3 Ke4 55.gxh6 gxh6 56.f5 Kxf5 57.Kh4 Kf4 
{(+999)} 58.Kh5 Kg3 59.h4 Nc4 60.Kxh6 Kxh4 61.Kg7 f5 62.Kf7 Nd4 63.Kg6 f4 
64.Kg7 f3 {Mattankündigung.} 65.Kf7 f2 66.Ke8 f1=Q 67.Ke7 Qf4 68.Ke8 Qc7 69.Kf8 
Ne6+ 70.Ke8 Nd6# 0-1

[Event "Treppenturnier 2023"]
[Site "Turnierstufe"]
[Date "2024.11.22"]
[Round "50-3"]
[White "Risc 2500 aktiv 2MB"]
[Black "Magellan "]
[Result "0-1"]
[WhiteElo "2300"]
[BlackElo "2242"]
[PlyCount "123"]

1.d4 e6 2.c4 Nf6 3.Nf3 d5 4.Bg5 Be7 5.Nc3 O-O 6.e3 Nbd7 7.Bd3 c5 8.O-O dxc4 
9.Bxc4 cxd4 10.exd4 Nb6 11.Bb3 Nfd5 12.Bxe7 {Buchende.} 12...Qxe7 {Buchende.} 
13.Re1 Rd8 14.Nxd5 Nxd5 15.Bxd5 Rxd5 16.Qb3 Qd8 17.Rac1 b6 18.Ne5 Bb7 19.Qg3 
Qe7 20.Qc3 Re8 $15 {Leichter Vorteil für Schwarz wegen des schutzbedürftigen
Isolanis.} 21.Red1 f6 22.Nc4 Rc8 23.Qd3 Qd7 24.Qe2 Ba6 25.b3 b5 26.Nd2 Rxd4 $17 
{Der d-Bauer ist futsch und Schwarz hat eine starke Position.} 27.Ne4 b4 
28.Rxc8+ Bxc8 29.Rc1 e5 30.Nd6 Rxd6 {(-1.4)} 31.Qc4+ Rd5 32.Qxc8+ Kf7 33.Qxd7+ 
Rxd7 {Turmendspiel!} 34.Kf1 Ke6 35.Ke2 h6 36.Ke3 g6 37.g3 f5 38.f3 g5 39.Rc4 a5 
40.Rc8 f4+ 41.Ke2 fxg3 42.hxg3 h5 43.Rh8 Rc7 {Es sieht eher nach Remis aus.} 
44.Rxh5 Kf5 45.Rh8 Rc2+ 46.Ke3 Rxa2 47.g4+ Ke6 48.Rg8 $2 {Die Gefahr liegt eher
am Damenflügel.} ( {Besser ist z.B.} 48.Kd3 Rf2 49.Ke4 Re2+ 50.Kd3 Rb2 51.Kc4 
Rc2+ 52.Kb5 {...} ) 48...Kd5 49.Rxg5 Rb2 50.f4 Rxb3+ 51.Kd2 $2 {(-57) Nun sollte
Schwarz schnell gewinnen.} 51...Kc4 {(-0.5) Magellan weiß nicht, dass er
gewinnt.} 52.Rxe5 a4 53.Re4+ Kd5 {(-1.0)} 54.Re5+ {(-84)} 54...Kd4 {(-1.5)} 
55.Re1 {(-105)} 55...a3 56.f5 Rb2+ {(-2.0)} 57.Kc1 {(-177)} 57...Rg2 58.Kb1 b3 
59.f6 a2+ 60.Ka1 Kc3 61.f7 Rf2 62.f8=Q {Risc sieht ein Matt in 7 gegen sich und
gibt auf.} ( 62.f8=Q Rxf8 63.Re3+ Kb4 64.Re4+ Ka3 65.Ra4+ Kxa4 66.Kb2 a1=Q+ 
67.Kxa1 Ka3 68.g5 Rf1# ) 0-1

[Event "Treppenturnier 2023"]
[Site "Turnierstufe"]
[Date "2024.11.24"]
[Round "50-4"]
[White "Magellan"]
[Black "Risc 2500 aktiv 2MB"]
[Result "1-0"]
[WhiteElo "2254"]
[BlackElo "2288"]
[PlyCount "126"]

1.e4 c6 2.d4 d5 3.Nc3 dxe4 4.Nxe4 Bf5 5.Ng3 Bg6 6.Nf3 Nd7 7.Bd3 Bxd3 8.Qxd3 e6 
{Buchende.} 9.O-O Ngf6 10.Re1 {Buchende.} 10...Qc7 11.b3 Bd6 12.c4 O-O 13.Bb2 
Rfd8 14.Rad1 Rac8 $10 15.Ne4 Nxe4 16.Qxe4 Qa5 17.Qc2 Bb4 18.Re3 Qh5 19.Ne5 Nxe5 
20.Rxe5 Qg4 21.h3 Qh4 22.Re4 Qg5 $10 {Ein Unentschieden reicht Magellan um
weiterzukommen.} 23.Rg4 Qf5 24.Qxf5 exf5 25.Rg3 g6 26.a3 Be7 27.Kf1 Bf6 28.Ba1 
Rd7 29.Rgd3 Rcd8 30.Ke2 Bg7 31.Kf3 b6 32.b4 b5 33.R3d2 Rd6 34.c5 R6d7 35.Re1 h5 
36.Rde2 Kf8 37.Bb2 $2 {Gibt ohne Not den Bauern auf d4.} ( 37.Rd1 a6 {und alles
ist im Lot.} ( 37...Bxd4 $2 38.Red2 {...} ) ) 37...Bxd4 38.Bxd4 Rxd4 39.Re7 a5 
$6 ( 39...Rd3+ 40.R7e3 Rxe3+ 41.Kxe3 ( 41.Rxe3 a5 42.Rb3 ( 42.bxa5 Ra8 43.Rd3 
Rxa5 44.Ke3 {...} ) 42...axb4 43.axb4 Rd4 {...} ) 41...Re8+ 42.Kd2 Rxe1 43.Kxe1 
Ke7 {...} ) 40.bxa5 Ra4 41.Rc7 Rxa3+ 42.Kf4 $10 {Es riecht nach Remis.} 
42...Rxa5 $2 {Und jetzt wird's noch gefährlich für Schwarz.} ( {Risc muss mit} 
42...f6 $1 {die Tür zu machen.} ) 43.Ree7 {(0.0), aber da ist mehr drin für
Magellan als 0.0.} 43...Kg8 {(-92)} 44.Rxf7 Re8 45.Rg7+ Kh8 46.Rxg6 Ra2 47.Kg5 
Rae2 48.Kxh5 R8e6 49.g3 {(+3.0)} 49...f4 {(-148)} 50.Rxe6 Rxe6 51.gxf4 Kg8 
52.f5 Re1 53.Rxc6 Kf7 54.f3 Rc1 55.Kg5 Rg1+ 56.Kf4 Rc1 57.h4 Rc4+ 58.Kg5 Rc3 
59.Rc7+ Ke8 60.h5 Kd8 {Rest in je 1 Stunde.} 61.Rg7 Rxc5 62.h6 Rc1 63.h7 Rh1 
{und Risc 2500 gibt auf.} 1-0

[Event "Treppenturnier 2023"]
[Site "Turnierstufe"]
[Date "2024.11.25"]
[Round "51-1"]
[White "Magellan "]
[Black "Reflection II max Diablo sel. 5"]
[Result "0-1"]
[WhiteElo "2265"]
[BlackElo "2243"]
[PlyCount "133"]

1.c4 e5 2.Nc3 Nc6 3.Nf3 {Buchende.} 3...g6 {Buchende.} 4.e3 f5 5.d4 e4 6.d5 
exf3 7.dxc6 bxc6 8.Qxf3 Bg7 9.Bd3 Ne7 10.O-O O-O 11.Bd2 Rb8 12.b3 d6 13.Rad1 
$10 {Auch wenn die weiße Stellung solider aussieht.} 13...Qe8 14.Ne2 Ba6 15.Bc3 
Bxc3 16.Nxc3 Qf7 $6 17.e4 ( {Nach} 17.c5 $1 {und z.B.} 17...Bxd3 18.Rxd3 Rfd8 
19.Rfd1 d5 20.Qf4 Rdc8 21.Qa4 {... wird der weiße Druck am Damenflügel sehr
groß.} ) 17...fxe4 18.Qxf7+ Rxf7 19.Nxe4 h6 20.Rfe1 Kg7 21.h3 Re8 22.Nc3 Rff8 
23.Re3 Nf5 24.Rxe8 Rxe8 25.Bxf5 gxf5 $10 {Gleichstand, die schwarze
Bauernstruktur ist allerdings nicht die beste.} 26.Kh2 Kf6 27.Kg3 Kg5 28.h4+ 
Kf6 29.Kf4 Re5 30.g4 fxg4 31.Kxg4 Bb7 32.f4 $2 {Da hat er nicht weit genug
gerechnet...} ( 32.Rd4 {z.B. hält alles zusammen:} 32...Kg6 33.Re4 Rxe4+ 
34.Nxe4 Bc8+ 35.Kf4 Kh5 36.Kg3 Kg6 37.Kf4 ) 32...Re3 $1 {... und Diablo lässt
sich nicht zweimal bitten.} 33.Nb1 Bc8+ 34.Kh5 Rg3 35.f5 ( {Alles andere führt
zum Matt:} 35.Re1 {Matt in 9} 35...Bg4+ 36.Kxh6 Bf5 37.Re8 Rg6+ 38.Kh7 Rg4+ 
39.Kh8 Kf7 40.h5 Kxe8 41.h6 Kf8 42.h7 Rg7 43.Nc3 Rxh7# ) ( 35.Rd3 {Matt in 7} 
35...Bg4+ 36.Kxh6 Rxd3 37.Nc3 Rxc3 38.Kh7 Rg3 39.b4 Bf5+ 40.Kh6 Rg8 41.h5 Rh8# 
) ( 35.Rf1 {Matt in 5} 35...Bg4+ 36.Kxh6 Rh3 37.Rh1 Rxh1 38.Kh7 Be6 39.Nc3 
Rxh4# ) ( 35.Kxh6 {Matt in 5} 35...Rg8 36.Kh7 Re8 37.Rd5 cxd5 38.cxd5 Bf5+ 
39.Kh6 Rh8# ) 35...Bxf5 36.Rf1 Re3 37.c5 Rh3 $6 {Verschenkt den Vorteil.} ( 
37...Re5 $1 {und dann z.B.} 38.Nd2 Kg7 39.Rg1+ Kh7 40.Nf3 Re4 41.Rg2 Bd7 
42.Ng5+ {Was sonst?} 42...hxg5 43.Kxg5 {...} ) 38.Nd2 d5 39.Nf3 $6 {Jetzt wird's
wieder eng für Weiß.} ( 39.Rf3 {.} ) 39...Bd3 40.Rf2 Be2 41.Rxe2 Rxf3 42.Re8 
Rf5+ 43.Kxh6 {Der weiße König ist nun weit weg vom gefährlichen d-Bauern.} 
43...d4 44.Rf8+ Ke6 45.Rd8 Rd5 46.Rg8 {Magellan könnte aufgeben.} 46...d3 
47.Rg1 Kf5 48.h5 Ke4 49.Kg6 Rd8 50.Kf6 Rh8 51.Rg4+ Ke3 52.Rg3+ Kd2 53.h6 {Das
war's dann ...} 53...Rxh6+ 54.Ke7 Kc2 55.Rg2+ d2 56.Kd7 Kc1 57.Rxd2 Kxd2 
58.Kxc7 Kc3 59.Kb7 a5 60.Ka6 Kb4 61.Kb6 Rh5 62.Kxc6 Rxc5+ 63.Kb6 Rh5 64.Kc6 Rh2 
65.a4 Kxb3 66.Kd5 Kxa4 67.Ke4 {(-9.9) Das kann man ais Aufgabe interpretieren.} 0-1

[Event "Treppenturnier 2023"]
[Site "Turnierstufe"]
[Date "2024.11.27"]
[Round "51-2"]
[White "Reflection II max Diablo sel. 5"]
[Black "Magellan"]
[Result "1-0"]
[WhiteElo "2254"]
[BlackElo "2254"]
[PlyCount "107"]

1.c4 e5 2.Nc3 Nc6 {Buchende.} 3.e3 {Buchende.} 3...Bb4 4.d4 d6 5.Ne2 exd4 
6.exd4 Nge7 7.a3 Bxc3+ 8.bxc3 Ng6 9.Nf4 Qe7+ 10.Qe2 Nxf4 11.Bxf4 O-O 12.O-O-O 
$6 ( {Zunächst} 12.Qxe7 Nxe7 {und erst dann} 13.O-O-O {ist eine Option.} ) 
12...Re8 $6 ( 12...Qf6 {und z.B.} 13.Be3 Na5 {... und Weiß ist bereits schwer in
der Defensive.} ) 13.Re1 {Weiß sollte die mächtige schwarze Dame abtauschen,
denn sein König steht sehr luftig.} 13...Bf5 14.Qxe7 {Na, endlich.} 14...Rxe7 
15.Rxe7 Nxe7 $10 16.Kd2 Re8 17.Bd3 Bxd3 18.Kxd3 Nf5 19.h4 h5 20.f3 Re6 21.g4 
hxg4 22.fxg4 Nh6 23.d5 Rf6 24.Bxh6 gxh6 {Ausgeglichenes Turmendspiel.} 25.Re1 
Rf3+ 26.Kd4 ( 26.Re3 Rxe3+ 27.Kxe3 {sollte Remis werden.} ) 26...Rg3 27.Re7 
{(00.00)} 27...c5+ {(-1.0)} 28.dxc6 Rxg4+ 29.Kd5 bxc6+ 30.Kxc6 Rxc4+ 31.Kxd6 a6 
32.Ra7 Rxh4 33.Rxa6 Rc4 34.Rc6 Ra4 35.c4 Kg7 36.c5 Rxa3 37.Rb6 Rd3+ 38.Kc7 h5 
39.c6 h4 40.Kb8 h3 41.c7 h2 42.Rb1 h1=Q $4 {Oweh! Man erlebt immer wieder
Überraschungen.} ( {Einfach} 42...Rc3 $1 {und Remis.} ) 43.Rxh1 {(+04.52)} 
43...Rb3+ 44.Kc8 Kf6 45.Re1 Rb2 46.Kd8 Rd2+ 47.Ke8 Rc2 48.Rf1+ Kg6 49.Rxf7 Rc1 
50.Rd7 Kf5 51.Kd8 Rh1 52.c8=Q Rh8+ 53.Kc7 Rxc8+ 54.Kxc8 {Mit dem Turm Matt zu
setzen ist kein Problem für Diablo.} 1-0

[Event "Treppenturnier 2023"]
[Site "Turnierstufe"]
[Date "2024.12.01"]
[Round "51-3"]
[White "Magellan"]
[Black "Reflection II max Diablo sel. 5"]
[Result "1-0"]
[WhiteElo "2244"]
[BlackElo "2264"]
[PlyCount "122"]

1.e4 e5 2.Bc4 Nf6 3.d4 exd4 4.Nf3 Nxe4 5.Qxd4 Nf6 6.Bg5 Be7 7.Nc3 {Buchende.} 
7...Nc6 {Buchende.} 8.Qf4 O-O 9.O-O-O d6 10.Rhe1 a6 {Etwas zaghaft.} ( 10...Nh5 
{sorgt für Entlastung.} ) 11.h3 {Ebenfalls zaghaft.} ( {Man könnte auch über} 
11.Rxe7 $1 {nachdenken.} 11...Qxe7 12.Qh4 h6 13.Nd5 Nxd5 14.Bxe7 Ndxe7 {...} ) 
11...b5 12.Bd3 b4 $6 {Unterschätzt die Gefahr am Königsflügel.} ( {Immer noch} 
12...Nh5 {.} ) 13.Bxf6 ( {Gefährlicher ist} 13.Qh4 {und z.B.} 13...h6 ( {oder} 
13...bxc3 14.Bxf6 cxb2+ 15.Kb1 h6 16.Qe4 g6 17.Bxe7 Qxe7 18.Qxe7 Nxe7 19.Rxe7 
{...} ) 14.Bxh6 Ng4 15.Bg5 Bxg5+ 16.Nxg5 Nh6 17.Nd5 Be6 18.Be4 {...} ) 
13...Bxf6 14.Nd5 Bd7 15.Qc4 {Schwarz hat den Bauern mehr, aber der Weiße hat
immer noch die Initiative.} ( 15.g4 {mit Angriff!} ) 15...Be5 16.Nxe5 dxe5 
17.Nxb4 Nxb4 18.Qxb4 $14 {Magellan hat den investierten Bauern zurück - mit
besserer Position.} 18...Qg5+ 19.Qd2 Qxd2+ 20.Rxd2 {(+0.5)} 20...Bc6 {(-00.81)} 
21.Rxe5 Bxg2 22.f4 Bf3 ( 22...Bxh3 $2 23.Rh2 {.} ) 23.Bc4 c6 24.Rd7 Rfd8 
25.Ree7 Bh5 26.Bxf7+ Bxf7 27.Rxf7 Rxd7 28.Rxd7 {Wieder ein Turmendspiel.
Eigentlich eine klare Sache für Magellan - aber abwarten...} 28...Rf8 29.Ra7 
Rxf4 30.Rxa6 c5 31.Ra5 c4 32.Ra3 Kf7 33.Kd2 Ke6 34.Rg3 Rf2+ 35.Kc3 g6 36.a3 Rh2 
37.b3 cxb3 38.cxb3 {Diablo kann aufgeben.} 38...Ra2 {Zeitnot.} 39.a4 Kd5 40.a5 
Kc6 41.Kb4 Rf2 42.Rc3+ Kb7 43.Ka4 Rf4+ 44.b4 Re4 45.Kb5 Re5+ 46.Rc5 Re6 47.Rd5 
h5 48.Rd7+ Kc8 49.Rg7 Re5+ 50.Kc6 Re6+ 51.Kd5 Rf6 52.b5 Rf5+ 53.Kd6 Rf6+ 54.Kc5 
Rf5+ 55.Kb6 Rf6+ 56.Ka7 Rf5 57.Ka6 Rf8 58.b6 Kb8 59.Rxg6 h4 60.Kb5 Rf5+ 61.Kc6 
Rf8 {(Resign - You win)} ( 61...Rf8 {Matt in 9:} 62.a6 Ka8 63.Re6 Rg8 64.a7 Rh8 
65.Kb5 Rh5+ 66.Ka6 Ra5+ 67.Kxa5 Kb7 68.a8=Q+ Kxa8 69.Ka6 Kb8 70.Re8# ) 1-0

[Event "Treppenturnier 2023"]
[Site "Turnierstufe"]
[Date "2024.12.04"]
[Round "51-4"]
[White "Reflection II max Diablo sel. 5"]
[Black "Magellan"]
[Result "1/2-1/2"]
[WhiteElo "2253"]
[BlackElo "2255"]
[PlyCount "110"]

1.Nf3 Nf6 2.g3 c5 3.c4 {Buchende.} 3...d5 4.cxd5 Nxd5 5.Bg2 Nc6 6.Nc3 Nc7 $1 
{Buchende.} 7.b3 e5 8.O-O b6 9.Bb2 Be7 10.a4 f6 11.Rc1 O-O $10 12.Re1 Bb7 13.d3 
Rb8 14.Ne4 f5 15.Ned2 Bf6 16.a5 Qe7 17.e4 Nb4 18.axb6 axb6 {Geschlossene
Stellung. Diablo hat ein Problem auf d3, um das er sich kümmern muss.} 19.Bf1 ( 
19.Nc4 {ist besser und z.B.} 19...Rbd8 ( 19...fxe4 20.Nfxe5 Rbd8 21.Qg4 b5 
22.Na5 {...} ) 20.Nfxe5 fxe4 21.Qg4 b5 22.Na5 {...} ) 19...fxe4 ( 19...Rbd8 {.} 
) 20.Nxe4 Ra8 {Und jetzt muss Weiß sich auch noch um das Einfallstor a-Linie
kümmern. Schwierige Zugfindung.} 21.Ra1 ( {Oder doch eher} 21.Nxf6+ {? Und z.B.} 
21...Qxf6 22.Bxe5 Qf5 23.Bxc7 Bxf3 24.Qd2 Ra2 25.Qf4 $10 ) 21...Rxa1 22.Bxa1 
Ra8 23.Nxf6+ Qxf6 {Entlastung für Weiß.} 24.Nxe5 Ra2 25.f4 Nc2 {Sieht bedrohlich
aus, aber Diablo hat alles im Griff.} 26.Re2 {Was sonst?} 26...Rxa1 27.Qxc2 Nd5 
28.Qb2 Rd1 29.b4 cxb4 30.Qb3 Ra1 31.Ra2 Rxa2 32.Qxa2 b5 33.Qa7 $2 {(+00.48) Nun
kann Schwarz die Damen tauschen und der Bauer auf der b-Linie wird bärenstark.} 
33...Qb6+ {(+0.1)} 34.Qxb6 Nxb6 35.d4 b3 36.Bxb5 {(-01.12)} 36...b2 {(-0.5)} 
37.Bd3 Bd5 38.Bb1 Na4 39.Kf2 Nc3 40.Bc2 b1=B 41.Bxb1 Nxb1 {Schafft Magellan den
Sieg?} 42.Ke3 Nc3 43.g4 Kf8 44.h4 Ke7 45.f5 Bb7 46.Kf4 Kd6 47.Nf7+ Kd5 48.Ng5 
Ne2+ 49.Ke3 Nxd4 50.Nxh7 {Diablo hat gute Chanceb auf ein Remis.} 50...Ke5 
51.f6 gxf6 52.Nxf6 {(00.00)} 52...Bc8 {(-2.0)} 53.h5 Nc2+ 54.Kd2 Kxf6 55.Kxc2 
Bxg4 {Remis.} 1/2-1/2

[Event "Treppenturnier 2023"]
[Site "Turnierstufe"]
[Date "2024.12.05"]
[Round "52-1"]
[White "Reflection II max Diablo sel. 5"]
[Black "Berlin Pro "]
[Result "1/2-1/2"]
[WhiteElo "2253"]
[BlackElo "2249"]
[PlyCount "169"]

1.e4 c6 2.d4 d5 3.Nc3 dxe4 4.Nxe4 Bf5 5.Nc5 Qc7 6.Bd3 Bxd3 7.Nxd3 {Buchende.} 
7...Nd7 {Buchende.} 8.Bf4 Qb6 9.c3 Ngf6 10.Nf3 e6 11.O-O Be7 12.Bg5 O-O 13.Bxf6 
Nxf6 14.Qe2 c5 15.dxc5 Bxc5 16.Nxc5 Qxc5 $10 17.Ne5 Rfd8 18.Rfd1 Qb6 19.Rac1 h6 
20.b3 Rac8 21.c4 Qc5 22.a4 a5 23.Kh1 b6 24.Kg1 {Remisangebot?} 24...h5 {Berlin
Pro will wohl weiterspielen.} 25.h3 $10 Ra8 26.Ra1 Rab8 27.Rab1 Rbc8 28.Qe1 Ra8 
29.Kh1 Rac8 30.Rbc1 Ra8 31.Kh2 Kf8 32.Qe3 $6 {Plötzlich wird Diablo doch aktiv -
wohl nicht mit dem allerbesten Zug.} 32...Qxe3 33.fxe3 {Verpasst sich selbst
einen Einzelbauern als Angriffsmarke für Mephisto.} 33...Rxd1 34.Rxd1 Ke7 
35.Nc6+ Ke8 36.Kg3 Rc8 37.Nd4 Ne4+ 38.Kf4 Nc5 39.g3 $2 {Und schon geht Material
verloren.} ( 39.Kf3 {hätte geholfen.} ) 39...Rd8 40.Rf1 f6 41.Kf3 e5 42.b4 axb4 
{(+1.39)} 43.Nc6 e4+ 44.Kf4 Rc8 ( 44...Rd6 $1 {ist der Gewinnzug, danach ist
alles quasi erzwungen:} 45.Nxb4 ( 45.Nd4 b3 46.Rb1 b2 47.Nb5 Rd2 48.g4 hxg4 
49.Kxg4 Nxa4 {...} ) 45...g5+ 46.Kf5 Kf7 47.Rf2 Re6 48.Nc6 {Alles andere führt
sofort zum Matt.} 48...Rxc6 {...} ) 45.Nxb4 Nd3+ {Nun hat Diablo doch wieder
Chancen auf ein Remis.} 46.Nxd3 exd3 {Turmendspiel.} 47.Ke4 Rxc4+ 48.Kxd3 Rxa4 
49.Rb1 Ra6 50.Rb5 g6 51.Rb4 Kd7 52.g4 hxg4 53.Rxg4 g5 54.h4 Ra5 55.hxg5 fxg5 
56.Rb4 Kc6 57.Ke4 Rc5 58.Ra4 Kd6 59.Ra8 b5 60.Rd8+ $2 ( 60.Rg8 $1 ) 60...Ke6 $2 
{Rest in je 1 Stunde.} ( 60...Kc7 $1 {gewinnt, z.B. so:} 61.Rd2 b4 62.Kd4 Kc6 
63.Rb2 Rb5 64.Rb3 Kd6 65.Kd3 Kd5 66.e4+ Ke5 67.Ke3 g4 {...} ) 61.Re8+ Kf6 
62.Rf8+ Kg6 63.Rb8 Kh5 64.Kd4 Rc4+ 65.Kd3 Rc7 66.Rxb5 Kh4 67.Rb8 g4 68.Rh8+ Kg3 
69.e4 Kg2 70.e5 Re7 71.Rg8 g3 72.Ke3 Kh2 73.Kf3 Rf7+ 74.Ke2 g2 75.e6 Rb7 
76.Rh8+ Kg1 77.Rg8 Rc7 78.Ke3 Ra7 79.Rg6 Kf1 80.Rf6+ {(00.00)} 80...Ke1 
{(00.00)} 81.Rg6 Ra3+ 82.Kd4 Kf2 83.e7 Ra8 84.Rxg2+ {(00.00)} 84...Kxg2 
{(00.00)} 85.Ke5 {Remis und beide wissen es auch.} 1/2-1/2